BIBLIOTECA

SENCICO

AV : (Registro nro. 4023)

Detalles MARC
000 -LEADER
fixed length control field 01091nas a2200349Ia 4500
001 - CONTROL NUMBER
control field PE SENCICO BE
003 - CONTROL NUMBER IDENTIFIER
control field PE SENCICO BE
005 - DATE AND TIME OF LATEST TRANSACTION
control field 20251020182632.0
008 - FIXED-LENGTH DATA ELEMENTS--GENERAL INFORMATION
fixed length control field 230227c99999999xx |||||||||||| ||spa||
022 ## - INTERNATIONAL STANDARD SERIAL NUMBER
International Standard Serial Number 0213-487X
040 ## - CATALOGING SOURCE
Original cataloging agency PE SENCICO BE
Transcribing agency PE SENCICO BE
041 ## - LANGUAGE CODE
Language code of text/sound track or separate title spa
110 1# - MAIN ENTRY--CORPORATE NAME
Corporate name or jurisdiction name as entry element Arquitectura Viva SL
9 (RLIN) 2385
245 10 - TITLE STATEMENT
Title AV :
Remainder of title Monografías Monographs /
Statement of responsibility, etc. Arquitectura Viva SL
260 ## - PUBLICATION, DISTRIBUTION, ETC.
Place of publication, distribution, etc. Madrid:
Name of publisher, distributor, etc. Fernades-Galiano,Luis
Date of publication, distribution, etc. 2014
300 ## - PHYSICAL DESCRIPTION
Extent v. :
Other physical details il. col. ;
Dimensions 30 cm.
500 ## - GENERAL NOTE
General note Descripción basada en: N° 152 (2011).
650 10 - SUBJECT ADDED ENTRY--TOPICAL TERM
Topical term or geographic name entry element Arquitectura
9 (RLIN) 49
650 20 - SUBJECT ADDED ENTRY--TOPICAL TERM
Topical term or geographic name entry element Arquitectura de viviendas
9 (RLIN) 370
650 20 - SUBJECT ADDED ENTRY--TOPICAL TERM
Topical term or geographic name entry element Arquitectura de interiores
9 (RLIN) 8
650 20 - SUBJECT ADDED ENTRY--TOPICAL TERM
Topical term or geographic name entry element Arquitectura moderna
9 (RLIN) 191
650 20 - SUBJECT ADDED ENTRY--TOPICAL TERM
Topical term or geographic name entry element Arquitectura urbana
9 (RLIN) 570
650 20 - SUBJECT ADDED ENTRY--TOPICAL TERM
Topical term or geographic name entry element Diseño arquitectónico
9 (RLIN) 18
650 20 - SUBJECT ADDED ENTRY--TOPICAL TERM
Topical term or geographic name entry element Arquitectura estética
9 (RLIN) 1424
866 ## - TEXTUAL HOLDINGS--BASIC BIBLIOGRAPHIC UNIT
Existencias 2011 : No. 152
866 ## - TEXTUAL HOLDINGS--BASIC BIBLIOGRAPHIC UNIT
Existencias 2014 : No. 165-166, 167-168, 169, 170
866 ## - TEXTUAL HOLDINGS--BASIC BIBLIOGRAPHIC UNIT
Existencias 2015 :No. 176
866 ## - TEXTUAL HOLDINGS--BASIC BIBLIOGRAPHIC UNIT
Existencias 2017 : No. 196, 197-198, 200
866 ## - TEXTUAL HOLDINGS--BASIC BIBLIOGRAPHIC UNIT
Existencias 2018 : 205, 207
910 ## - USER-OPTION DATA (OCLC)
User-option data hfp
-- hfp
-- hfp
942 ## - ADDED ENTRY ELEMENTS (KOHA)
Koha item type Revista
Source of classification or shelving scheme Dewey Decimal Classification
Existencias
Fecha de la última vez que lo usaron Pago total Signatura topográfica completa Código de barras Precio efectivo desde Tipo de documento Estado perdido Estado dañado No es para préstamo Retirado Ubicación permanente Ubicación actual Fecha de adquisición
28/02/2023   No. 152; 2011 BibLima24070045 28/02/2023 Revista         Biblioteca Central Lima Biblioteca Central Lima 28/02/2023
08/07/2024   No. 165-166; 2014 BibLima24070046 08/07/2024 Revista         Biblioteca Central Lima Biblioteca Central Lima 08/07/2024
08/07/2024   No. 167-168; 2014 BibLima24070047 08/07/2024 Revista         Biblioteca Central Lima Biblioteca Central Lima 08/07/2024
08/07/2024   No. 169; 2014 BibLima24070048 08/07/2024 Revista         Biblioteca Central Lima Biblioteca Central Lima 08/07/2024
08/07/2024   No. 170; 2014 BibLima24070049 08/07/2024 Revista         Biblioteca Central Lima Biblioteca Central Lima 08/07/2024
08/07/2024   No. 176; 2015 BibLima24070050 08/07/2024 Revista         Biblioteca Central Lima Biblioteca Central Lima 08/07/2024
08/07/2024   No. 196; 2017 BibLima24070051 08/07/2024 Revista         Biblioteca Central Lima Biblioteca Central Lima 08/07/2024
08/07/2024   No. 197-198; 2017 BibLima24070052 08/07/2024 Revista         Biblioteca Central Lima Biblioteca Central Lima 08/07/2024
08/07/2024   No. 200; 2017 BibLima24070053 08/07/2024 Revista         Biblioteca Central Lima Biblioteca Central Lima 08/07/2024
08/07/2024   No. 205; 2018 BibLima24070054 08/07/2024 Revista         Biblioteca Central Lima Biblioteca Central Lima 08/07/2024
08/07/2024   No. 207; 2018 BibLima24070055 08/07/2024 Revista         Biblioteca Central Lima Biblioteca Central Lima 08/07/2024